000 00713cam7a220024100 4500
001 zam00003434
008 951128s1976 xx eng u
035 _a(Sirsi) r20762
035 _a(MACHINE)SLC.
100 _aKiekkhefer, R.
_6A82224.1
245 1 0 _aEuropean witch trials.
260 _c1976.
949 _aBF1569
_wlcc
_i-19796
_mMAIN
_tBOOK
_lON-SHELF
949 _aBF1569
_wlcc
_i-19797
_mMAIN
_tBOOK
_lON-SHELF
004 20762
591 _aClass code: RS 230.
591 _aCourse: Indigenous religions of Central Africa.
591 _aSchool: S03.
591 _aLecturer: Fr. FLYNN, E.
591 _aNumber of Students: 25.
900 _2MAIN
_8BF1569
_9KIE
_c2
909 _aBook
999 _c172532
_d172532